Beneficial effects of multiple plantation patterns in agroforestry systems (Record no. 54701)
[ view plain ]
| 000 -LEADER | |
|---|---|
| fixed length control field | 00503nam a2200181Ia 4500 |
| 100 ## - MAIN ENTRY--AUTHOR NAME | |
| Personal name | Hymavathi H.N. |
| 245 #0 - TITLE STATEMENT | |
| Title | Beneficial effects of multiple plantation patterns in agroforestry systems |
| 260 ## - PUBLICATION, DISTRIBUTION, ETC. (IMPRINT) | |
| Name of publisher | The Indian Forester |
| Year of publication | 2010 |
| 300 ## - PHYSICAL DESCRIPTION | |
| Number of Pages | 465-475 |
| 650 ## - SUBJECT ADDED ENTRY--TOPICAL TERM | |
| Topical Term | Cost benefit ratio |
| 650 ## - SUBJECT ADDED ENTRY--TOPICAL TERM | |
| Topical Term | Crop Geometry |
| 650 ## - SUBJECT ADDED ENTRY--TOPICAL TERM | |
| Topical Term | Multi-plantation |
| 650 ## - SUBJECT ADDED ENTRY--TOPICAL TERM | |
| Topical Term | Multipurpose trees |
| 700 ## - ADDED ENTRY--PERSONAL NAME | |
| Personal name | Kandya A.K. |
| 700 ## - ADDED ENTRY--PERSONAL NAME | |
| Personal name | Patel L.P. |
| 942 ## - ADDED ENTRY ELEMENTS (KOHA) | |
| Koha item type | Journals |
| Withdrawn status | Lost status | Damaged status | Not for loan | Home library | Current library | Date acquired | Serial Enumeration / chronology | Koha item type |
|---|---|---|---|---|---|---|---|---|
| Journals | RRII Library | RRII Library | 16/09/2010 | Volume 136, Issue 4 | Journals |